00917cam a2200277 a 450000100060000000300100000600500170001600700030003300800410003602000150007704000260009204100080011808200170012610000280014324501250017125000120029630000270030833600270033533700330036233800280039565000550042365000450047865000410052370000370056470000380060159239CO-BoRNBP20250919214300.0ta090107r1995 mx a jr 000 j spa  a9681647025 aCO-BoBNbspacCO-BoBN1 aspa04aEu823.542201 aFleischman, Sid,d1920-13aEl caballo de medianoche /cSid Fleischman ; ilustraciones de Cees van der Hulst ; traducción de Catalina Domínguez. a1a. ed. a79 p. :bil. ;c19 cm. 2rdacontentatextobtxt 2rdamediaasin mediaciónbn 2rdacarrieravolumenbnc14aCuentos infantiles estadounidensesySiglo XX2LEMB24aLiteratura infantil estadounidense2LEMB12aLibros ilustrados para niños2LEMB1 aHulst, Cees van der,eilustrador1 aDomínguez, Catalina,etraductor